<?xml version="1.0" encoding="UTF-8"?>
<record
    xmlns:xsi="http://www.w3.org/2001/XMLSchema-instance"
    xsi:schemaLocation="http://www.loc.gov/MARC21/slim http://www.loc.gov/standards/marcxml/schema/MARC21slim.xsd"
    xmlns="http://www.loc.gov/MARC21/slim">

  <leader>00464nam a2200181   4500</leader>
  <controlfield tag="003">SEACOMEC</controlfield>
  <controlfield tag="005">20260421151224.0</controlfield>
  <controlfield tag="008">240503b        |||||||| |||| 00| 0 eng d</controlfield>
  <datafield tag="020" ind1=" " ind2=" ">
    <subfield code="a">9789332518742.</subfield>
    <subfield code="c">Rs.310.00</subfield>
  </datafield>
  <datafield tag="040" ind1=" " ind2=" ">
    <subfield code="a">SEACOMEC</subfield>
  </datafield>
  <datafield tag="082" ind1=" " ind2=" ">
    <subfield code="a">004.6</subfield>
    <subfield code="b">T164</subfield>
  </datafield>
  <datafield tag="100" ind1=" " ind2=" ">
    <subfield code="a"> Tanenbaum, Andrew S.</subfield>
  </datafield>
  <datafield tag="245" ind1="1" ind2=" ">
    <subfield code="a">Computer networks </subfield>
    <subfield code="c"> Andrew S Tanenbaum</subfield>
  </datafield>
  <datafield tag="250" ind1=" " ind2=" ">
    <subfield code="a">4th ed.</subfield>
  </datafield>
  <datafield tag="260" ind1=" " ind2=" ">
    <subfield code="a"> Delhi :</subfield>
    <subfield code="b">Pearson ,</subfield>
    <subfield code="c">2006</subfield>
  </datafield>
  <datafield tag="650" ind1=" " ind2=" ">
    <subfield code="a"> Computer science</subfield>
  </datafield>
  <datafield tag="942" ind1=" " ind2=" ">
    <subfield code="c">BOOK</subfield>
  </datafield>
  <datafield tag="952" ind1=" " ind2=" ">
    <subfield code="0">0</subfield>
    <subfield code="1">0</subfield>
    <subfield code="2">ddc</subfield>
    <subfield code="4">0</subfield>
    <subfield code="7">0</subfield>
    <subfield code="a">SEACOMEC</subfield>
    <subfield code="b">SEACOMEC</subfield>
    <subfield code="d">2006-06-02</subfield>
    <subfield code="l">0</subfield>
    <subfield code="o">004.6 T164</subfield>
    <subfield code="p">00818</subfield>
    <subfield code="r">2025-02-26 13:59:32</subfield>
    <subfield code="w">2025-02-26</subfield>
    <subfield code="y">REF</subfield>
  </datafield>
  <datafield tag="952" ind1=" " ind2=" ">
    <subfield code="0">0</subfield>
    <subfield code="1">0</subfield>
    <subfield code="2">ddc</subfield>
    <subfield code="4">0</subfield>
    <subfield code="7">0</subfield>
    <subfield code="a">SEACOMEC</subfield>
    <subfield code="b">SEACOMEC</subfield>
    <subfield code="d">2006-06-06</subfield>
    <subfield code="l">1</subfield>
    <subfield code="m">1</subfield>
    <subfield code="o">004.6 T164</subfield>
    <subfield code="p">01970</subfield>
    <subfield code="q">2026-05-05</subfield>
    <subfield code="r">2026-04-01 13:10:30</subfield>
    <subfield code="s">2026-04-01</subfield>
    <subfield code="t">1</subfield>
    <subfield code="w">2025-02-26</subfield>
    <subfield code="y">BOOK</subfield>
  </datafield>
  <datafield tag="952" ind1=" " ind2=" ">
    <subfield code="0">0</subfield>
    <subfield code="1">0</subfield>
    <subfield code="2">ddc</subfield>
    <subfield code="4">0</subfield>
    <subfield code="7">0</subfield>
    <subfield code="a">SEACOMEC</subfield>
    <subfield code="b">SEACOMEC</subfield>
    <subfield code="d">2007-08-29</subfield>
    <subfield code="l">0</subfield>
    <subfield code="o">004.6 T164</subfield>
    <subfield code="p">8358</subfield>
    <subfield code="r">2025-02-26 14:00:31</subfield>
    <subfield code="t">2</subfield>
    <subfield code="w">2025-02-26</subfield>
    <subfield code="y">BOOK</subfield>
  </datafield>
  <datafield tag="952" ind1=" " ind2=" ">
    <subfield code="0">0</subfield>
    <subfield code="1">0</subfield>
    <subfield code="2">ddc</subfield>
    <subfield code="4">0</subfield>
    <subfield code="7">0</subfield>
    <subfield code="a">SEACOMEC</subfield>
    <subfield code="b">SEACOMEC</subfield>
    <subfield code="d">2007-08-29</subfield>
    <subfield code="l">0</subfield>
    <subfield code="o">004.6 T164</subfield>
    <subfield code="p">8359</subfield>
    <subfield code="r">2025-02-26 14:00:31</subfield>
    <subfield code="t">3</subfield>
    <subfield code="w">2025-02-26</subfield>
    <subfield code="y">BOOK</subfield>
  </datafield>
  <datafield tag="952" ind1=" " ind2=" ">
    <subfield code="0">0</subfield>
    <subfield code="1">0</subfield>
    <subfield code="2">ddc</subfield>
    <subfield code="4">0</subfield>
    <subfield code="7">0</subfield>
    <subfield code="a">SEACOMEC</subfield>
    <subfield code="b">SEACOMEC</subfield>
    <subfield code="d">2007-08-29</subfield>
    <subfield code="l">0</subfield>
    <subfield code="o">004.6 T164</subfield>
    <subfield code="p">8360</subfield>
    <subfield code="r">2025-02-26 14:00:31</subfield>
    <subfield code="t">4</subfield>
    <subfield code="w">2025-02-26</subfield>
    <subfield code="y">BOOK</subfield>
  </datafield>
  <datafield tag="952" ind1=" " ind2=" ">
    <subfield code="0">0</subfield>
    <subfield code="1">0</subfield>
    <subfield code="2">ddc</subfield>
    <subfield code="4">0</subfield>
    <subfield code="7">0</subfield>
    <subfield code="a">SEACOMEC</subfield>
    <subfield code="b">SEACOMEC</subfield>
    <subfield code="d">2007-08-29</subfield>
    <subfield code="l">0</subfield>
    <subfield code="o">004.6 T164</subfield>
    <subfield code="p">8361</subfield>
    <subfield code="r">2025-02-26 14:00:31</subfield>
    <subfield code="t">5</subfield>
    <subfield code="w">2025-02-26</subfield>
    <subfield code="y">BOOK</subfield>
  </datafield>
  <datafield tag="952" ind1=" " ind2=" ">
    <subfield code="0">0</subfield>
    <subfield code="1">0</subfield>
    <subfield code="2">ddc</subfield>
    <subfield code="4">0</subfield>
    <subfield code="7">0</subfield>
    <subfield code="a">SEACOMEC</subfield>
    <subfield code="b">SEACOMEC</subfield>
    <subfield code="d">2007-08-29</subfield>
    <subfield code="l">0</subfield>
    <subfield code="o">004.6 T164</subfield>
    <subfield code="p">8362</subfield>
    <subfield code="r">2025-02-26 14:00:31</subfield>
    <subfield code="t">6</subfield>
    <subfield code="w">2025-02-26</subfield>
    <subfield code="y">BOOK</subfield>
  </datafield>
  <datafield tag="952" ind1=" " ind2=" ">
    <subfield code="0">0</subfield>
    <subfield code="1">0</subfield>
    <subfield code="2">ddc</subfield>
    <subfield code="4">0</subfield>
    <subfield code="7">0</subfield>
    <subfield code="a">SEACOMEC</subfield>
    <subfield code="b">SEACOMEC</subfield>
    <subfield code="d">2007-08-29</subfield>
    <subfield code="l">0</subfield>
    <subfield code="o">004.6 T164</subfield>
    <subfield code="p">8363</subfield>
    <subfield code="r">2025-02-26 14:00:31</subfield>
    <subfield code="t">7</subfield>
    <subfield code="w">2025-02-26</subfield>
    <subfield code="y">BOOK</subfield>
  </datafield>
  <datafield tag="952" ind1=" " ind2=" ">
    <subfield code="0">0</subfield>
    <subfield code="1">0</subfield>
    <subfield code="2">ddc</subfield>
    <subfield code="4">0</subfield>
    <subfield code="7">0</subfield>
    <subfield code="a">SEACOMEC</subfield>
    <subfield code="b">SEACOMEC</subfield>
    <subfield code="d">2007-08-29</subfield>
    <subfield code="l">0</subfield>
    <subfield code="o">004.6 T164</subfield>
    <subfield code="p">8364</subfield>
    <subfield code="r">2025-02-26 14:00:31</subfield>
    <subfield code="t">8</subfield>
    <subfield code="w">2025-02-26</subfield>
    <subfield code="y">BOOK</subfield>
  </datafield>
  <datafield tag="952" ind1=" " ind2=" ">
    <subfield code="0">0</subfield>
    <subfield code="1">0</subfield>
    <subfield code="2">ddc</subfield>
    <subfield code="4">0</subfield>
    <subfield code="7">0</subfield>
    <subfield code="a">SEACOMEC</subfield>
    <subfield code="b">SEACOMEC</subfield>
    <subfield code="d">2007-08-29</subfield>
    <subfield code="l">0</subfield>
    <subfield code="o">004.6 T164</subfield>
    <subfield code="p">8365</subfield>
    <subfield code="r">2025-02-26 14:00:31</subfield>
    <subfield code="t">9</subfield>
    <subfield code="w">2025-02-26</subfield>
    <subfield code="y">BOOK</subfield>
  </datafield>
  <datafield tag="952" ind1=" " ind2=" ">
    <subfield code="0">0</subfield>
    <subfield code="1">0</subfield>
    <subfield code="2">ddc</subfield>
    <subfield code="4">0</subfield>
    <subfield code="7">0</subfield>
    <subfield code="a">SEACOMEC</subfield>
    <subfield code="b">SEACOMEC</subfield>
    <subfield code="d">2007-08-29</subfield>
    <subfield code="l">0</subfield>
    <subfield code="o">004.6 T164</subfield>
    <subfield code="p">8366</subfield>
    <subfield code="r">2025-02-26 14:00:31</subfield>
    <subfield code="t">10</subfield>
    <subfield code="w">2025-02-26</subfield>
    <subfield code="y">BOOK</subfield>
  </datafield>
  <datafield tag="952" ind1=" " ind2=" ">
    <subfield code="0">0</subfield>
    <subfield code="1">0</subfield>
    <subfield code="2">ddc</subfield>
    <subfield code="4">0</subfield>
    <subfield code="7">0</subfield>
    <subfield code="a">SEACOMEC</subfield>
    <subfield code="b">SEACOMEC</subfield>
    <subfield code="d">2007-08-29</subfield>
    <subfield code="l">0</subfield>
    <subfield code="o">004.6 T164</subfield>
    <subfield code="p">8367</subfield>
    <subfield code="r">2025-02-26 14:00:31</subfield>
    <subfield code="t">11</subfield>
    <subfield code="w">2025-02-26</subfield>
    <subfield code="y">BOOK</subfield>
  </datafield>
  <datafield tag="952" ind1=" " ind2=" ">
    <subfield code="0">0</subfield>
    <subfield code="1">0</subfield>
    <subfield code="2">ddc</subfield>
    <subfield code="4">0</subfield>
    <subfield code="7">0</subfield>
    <subfield code="a">SEACOMEC</subfield>
    <subfield code="b">SEACOMEC</subfield>
    <subfield code="d">2009-02-18</subfield>
    <subfield code="l">0</subfield>
    <subfield code="o">004.6 T164</subfield>
    <subfield code="p">13599</subfield>
    <subfield code="r">2025-02-26 14:01:35</subfield>
    <subfield code="t">12</subfield>
    <subfield code="w">2025-02-26</subfield>
    <subfield code="y">BOOK</subfield>
  </datafield>
  <datafield tag="952" ind1=" " ind2=" ">
    <subfield code="0">0</subfield>
    <subfield code="1">0</subfield>
    <subfield code="2">ddc</subfield>
    <subfield code="4">0</subfield>
    <subfield code="7">0</subfield>
    <subfield code="a">SEACOMEC</subfield>
    <subfield code="b">SEACOMEC</subfield>
    <subfield code="d">2009-02-18</subfield>
    <subfield code="l">0</subfield>
    <subfield code="o">004.6 T164</subfield>
    <subfield code="p">13600</subfield>
    <subfield code="r">2025-02-26 14:01:35</subfield>
    <subfield code="t">13</subfield>
    <subfield code="w">2025-02-26</subfield>
    <subfield code="y">BOOK</subfield>
  </datafield>
  <datafield tag="952" ind1=" " ind2=" ">
    <subfield code="0">0</subfield>
    <subfield code="1">0</subfield>
    <subfield code="2">ddc</subfield>
    <subfield code="4">0</subfield>
    <subfield code="7">0</subfield>
    <subfield code="a">SEACOMEC</subfield>
    <subfield code="b">SEACOMEC</subfield>
    <subfield code="d">2009-02-18</subfield>
    <subfield code="l">0</subfield>
    <subfield code="o">004.6 T164</subfield>
    <subfield code="p">13601</subfield>
    <subfield code="r">2025-02-26 14:01:35</subfield>
    <subfield code="t">14</subfield>
    <subfield code="w">2025-02-26</subfield>
    <subfield code="y">BOOK</subfield>
  </datafield>
  <datafield tag="952" ind1=" " ind2=" ">
    <subfield code="0">0</subfield>
    <subfield code="1">0</subfield>
    <subfield code="2">ddc</subfield>
    <subfield code="4">0</subfield>
    <subfield code="7">0</subfield>
    <subfield code="a">SEACOMEC</subfield>
    <subfield code="b">SEACOMEC</subfield>
    <subfield code="d">2009-02-18</subfield>
    <subfield code="l">0</subfield>
    <subfield code="o">004.6 T164</subfield>
    <subfield code="p">13602</subfield>
    <subfield code="r">2025-02-26 14:01:35</subfield>
    <subfield code="t">15</subfield>
    <subfield code="w">2025-02-26</subfield>
    <subfield code="y">BOOK</subfield>
  </datafield>
  <datafield tag="952" ind1=" " ind2=" ">
    <subfield code="0">0</subfield>
    <subfield code="1">0</subfield>
    <subfield code="2">ddc</subfield>
    <subfield code="4">0</subfield>
    <subfield code="7">0</subfield>
    <subfield code="a">SEACOMEC</subfield>
    <subfield code="b">SEACOMEC</subfield>
    <subfield code="d">2009-02-18</subfield>
    <subfield code="l">0</subfield>
    <subfield code="o">004.6 T164</subfield>
    <subfield code="p">13603</subfield>
    <subfield code="r">2025-02-26 14:01:35</subfield>
    <subfield code="t">16</subfield>
    <subfield code="w">2025-02-26</subfield>
    <subfield code="y">BOOK</subfield>
  </datafield>
  <datafield tag="952" ind1=" " ind2=" ">
    <subfield code="0">0</subfield>
    <subfield code="1">0</subfield>
    <subfield code="2">ddc</subfield>
    <subfield code="4">0</subfield>
    <subfield code="7">0</subfield>
    <subfield code="a">SEACOMEC</subfield>
    <subfield code="b">SEACOMEC</subfield>
    <subfield code="d">2009-02-18</subfield>
    <subfield code="l">0</subfield>
    <subfield code="o">004.6 T164</subfield>
    <subfield code="p">13604</subfield>
    <subfield code="r">2025-02-26 14:01:35</subfield>
    <subfield code="t">17</subfield>
    <subfield code="w">2025-02-26</subfield>
    <subfield code="y">BOOK</subfield>
  </datafield>
  <datafield tag="952" ind1=" " ind2=" ">
    <subfield code="0">0</subfield>
    <subfield code="1">0</subfield>
    <subfield code="2">ddc</subfield>
    <subfield code="4">0</subfield>
    <subfield code="7">0</subfield>
    <subfield code="a">SEACOMEC</subfield>
    <subfield code="b">SEACOMEC</subfield>
    <subfield code="d">2009-02-18</subfield>
    <subfield code="l">0</subfield>
    <subfield code="o">004.6 T164</subfield>
    <subfield code="p">13605</subfield>
    <subfield code="r">2025-02-26 14:01:35</subfield>
    <subfield code="t">18</subfield>
    <subfield code="w">2025-02-26</subfield>
    <subfield code="y">BOOK</subfield>
  </datafield>
  <datafield tag="952" ind1=" " ind2=" ">
    <subfield code="0">0</subfield>
    <subfield code="1">0</subfield>
    <subfield code="2">ddc</subfield>
    <subfield code="4">0</subfield>
    <subfield code="7">0</subfield>
    <subfield code="a">SEACOMEC</subfield>
    <subfield code="b">SEACOMEC</subfield>
    <subfield code="d">2009-02-18</subfield>
    <subfield code="l">0</subfield>
    <subfield code="o">004.6 T164</subfield>
    <subfield code="p">13606</subfield>
    <subfield code="r">2025-02-26 14:01:35</subfield>
    <subfield code="t">19</subfield>
    <subfield code="w">2025-02-26</subfield>
    <subfield code="y">BOOK</subfield>
  </datafield>
  <datafield tag="952" ind1=" " ind2=" ">
    <subfield code="0">0</subfield>
    <subfield code="1">0</subfield>
    <subfield code="2">ddc</subfield>
    <subfield code="4">0</subfield>
    <subfield code="7">0</subfield>
    <subfield code="a">SEACOMEC</subfield>
    <subfield code="b">SEACOMEC</subfield>
    <subfield code="d">2009-02-18</subfield>
    <subfield code="l">0</subfield>
    <subfield code="o">004.6 T164</subfield>
    <subfield code="p">13607</subfield>
    <subfield code="r">2025-02-26 14:01:35</subfield>
    <subfield code="t">20</subfield>
    <subfield code="w">2025-02-26</subfield>
    <subfield code="y">BOOK</subfield>
  </datafield>
  <datafield tag="952" ind1=" " ind2=" ">
    <subfield code="0">0</subfield>
    <subfield code="1">0</subfield>
    <subfield code="2">ddc</subfield>
    <subfield code="4">0</subfield>
    <subfield code="7">0</subfield>
    <subfield code="a">SEACOMEC</subfield>
    <subfield code="b">SEACOMEC</subfield>
    <subfield code="d">2009-02-18</subfield>
    <subfield code="l">0</subfield>
    <subfield code="o">004.6 T164</subfield>
    <subfield code="p">13608</subfield>
    <subfield code="r">2025-02-26 14:01:35</subfield>
    <subfield code="t">21</subfield>
    <subfield code="w">2025-02-26</subfield>
    <subfield code="y">BOOK</subfield>
  </datafield>
  <datafield tag="952" ind1=" " ind2=" ">
    <subfield code="0">0</subfield>
    <subfield code="1">0</subfield>
    <subfield code="2">ddc</subfield>
    <subfield code="4">0</subfield>
    <subfield code="7">0</subfield>
    <subfield code="a">SEACOMEC</subfield>
    <subfield code="b">SEACOMEC</subfield>
    <subfield code="d">2009-02-18</subfield>
    <subfield code="l">0</subfield>
    <subfield code="o">004.6 T164</subfield>
    <subfield code="p">13609</subfield>
    <subfield code="r">2025-02-26 14:01:35</subfield>
    <subfield code="t">22</subfield>
    <subfield code="w">2025-02-26</subfield>
    <subfield code="y">BOOK</subfield>
  </datafield>
  <datafield tag="952" ind1=" " ind2=" ">
    <subfield code="0">0</subfield>
    <subfield code="1">0</subfield>
    <subfield code="2">ddc</subfield>
    <subfield code="4">0</subfield>
    <subfield code="7">0</subfield>
    <subfield code="a">SEACOMEC</subfield>
    <subfield code="b">SEACOMEC</subfield>
    <subfield code="d">2009-02-18</subfield>
    <subfield code="l">0</subfield>
    <subfield code="o">004.6 T164</subfield>
    <subfield code="p">13610</subfield>
    <subfield code="r">2025-02-26 14:01:35</subfield>
    <subfield code="t">23</subfield>
    <subfield code="w">2025-02-26</subfield>
    <subfield code="y">BOOK</subfield>
  </datafield>
  <datafield tag="952" ind1=" " ind2=" ">
    <subfield code="0">0</subfield>
    <subfield code="1">0</subfield>
    <subfield code="2">ddc</subfield>
    <subfield code="4">0</subfield>
    <subfield code="7">0</subfield>
    <subfield code="a">SEACOMEC</subfield>
    <subfield code="b">SEACOMEC</subfield>
    <subfield code="d">2009-02-18</subfield>
    <subfield code="l">0</subfield>
    <subfield code="o">004.6 T164</subfield>
    <subfield code="p">13611</subfield>
    <subfield code="r">2025-02-26 14:01:35</subfield>
    <subfield code="t">24</subfield>
    <subfield code="w">2025-02-26</subfield>
    <subfield code="y">BOOK</subfield>
  </datafield>
  <datafield tag="952" ind1=" " ind2=" ">
    <subfield code="0">0</subfield>
    <subfield code="1">0</subfield>
    <subfield code="2">ddc</subfield>
    <subfield code="4">0</subfield>
    <subfield code="7">0</subfield>
    <subfield code="a">SEACOMEC</subfield>
    <subfield code="b">SEACOMEC</subfield>
    <subfield code="d">2009-02-18</subfield>
    <subfield code="l">0</subfield>
    <subfield code="o">004.6 T164</subfield>
    <subfield code="p">13612</subfield>
    <subfield code="r">2025-02-26 14:01:35</subfield>
    <subfield code="t">25</subfield>
    <subfield code="w">2025-02-26</subfield>
    <subfield code="y">BOOK</subfield>
  </datafield>
  <datafield tag="952" ind1=" " ind2=" ">
    <subfield code="0">0</subfield>
    <subfield code="1">0</subfield>
    <subfield code="2">ddc</subfield>
    <subfield code="4">0</subfield>
    <subfield code="7">0</subfield>
    <subfield code="a">SEACOMEC</subfield>
    <subfield code="b">SEACOMEC</subfield>
    <subfield code="d">2009-02-18</subfield>
    <subfield code="l">0</subfield>
    <subfield code="o">004.6 T164</subfield>
    <subfield code="p">13613</subfield>
    <subfield code="r">2025-02-26 14:01:35</subfield>
    <subfield code="t">26</subfield>
    <subfield code="w">2025-02-26</subfield>
    <subfield code="y">BOOK</subfield>
  </datafield>
  <datafield tag="952" ind1=" " ind2=" ">
    <subfield code="0">0</subfield>
    <subfield code="1">0</subfield>
    <subfield code="2">ddc</subfield>
    <subfield code="4">0</subfield>
    <subfield code="7">0</subfield>
    <subfield code="a">SEACOMEC</subfield>
    <subfield code="b">SEACOMEC</subfield>
    <subfield code="d">2009-02-18</subfield>
    <subfield code="l">0</subfield>
    <subfield code="o">004.6 T164</subfield>
    <subfield code="p">13614</subfield>
    <subfield code="r">2025-02-26 14:01:35</subfield>
    <subfield code="t">27</subfield>
    <subfield code="w">2025-02-26</subfield>
    <subfield code="y">BOOK</subfield>
  </datafield>
  <datafield tag="952" ind1=" " ind2=" ">
    <subfield code="0">0</subfield>
    <subfield code="1">0</subfield>
    <subfield code="2">ddc</subfield>
    <subfield code="4">0</subfield>
    <subfield code="7">0</subfield>
    <subfield code="a">SEACOMEC</subfield>
    <subfield code="b">SEACOMEC</subfield>
    <subfield code="d">2009-02-18</subfield>
    <subfield code="l">0</subfield>
    <subfield code="o">004.6 T164</subfield>
    <subfield code="p">13615</subfield>
    <subfield code="r">2025-02-26 14:01:35</subfield>
    <subfield code="t">28</subfield>
    <subfield code="w">2025-02-26</subfield>
    <subfield code="y">BOOK</subfield>
  </datafield>
  <datafield tag="952" ind1=" " ind2=" ">
    <subfield code="0">0</subfield>
    <subfield code="1">0</subfield>
    <subfield code="2">ddc</subfield>
    <subfield code="4">0</subfield>
    <subfield code="7">0</subfield>
    <subfield code="a">SEACOMEC</subfield>
    <subfield code="b">SEACOMEC</subfield>
    <subfield code="d">2009-02-18</subfield>
    <subfield code="l">0</subfield>
    <subfield code="o">004.6 T164</subfield>
    <subfield code="p">13616</subfield>
    <subfield code="r">2025-02-26 14:01:35</subfield>
    <subfield code="t">29</subfield>
    <subfield code="w">2025-02-26</subfield>
    <subfield code="y">BOOK</subfield>
  </datafield>
  <datafield tag="952" ind1=" " ind2=" ">
    <subfield code="0">0</subfield>
    <subfield code="1">0</subfield>
    <subfield code="2">ddc</subfield>
    <subfield code="4">0</subfield>
    <subfield code="7">0</subfield>
    <subfield code="a">SEACOMEC</subfield>
    <subfield code="b">SEACOMEC</subfield>
    <subfield code="d">2009-02-18</subfield>
    <subfield code="l">0</subfield>
    <subfield code="o">004.6 T164</subfield>
    <subfield code="p">13617</subfield>
    <subfield code="r">2025-02-26 14:01:35</subfield>
    <subfield code="t">30</subfield>
    <subfield code="w">2025-02-26</subfield>
    <subfield code="y">BOOK</subfield>
  </datafield>
  <datafield tag="952" ind1=" " ind2=" ">
    <subfield code="0">0</subfield>
    <subfield code="1">0</subfield>
    <subfield code="2">ddc</subfield>
    <subfield code="4">0</subfield>
    <subfield code="7">0</subfield>
    <subfield code="a">SEACOMEC</subfield>
    <subfield code="b">SEACOMEC</subfield>
    <subfield code="d">2009-02-18</subfield>
    <subfield code="l">0</subfield>
    <subfield code="o">004.6 T164</subfield>
    <subfield code="p">13618</subfield>
    <subfield code="r">2025-02-26 14:01:35</subfield>
    <subfield code="t">31</subfield>
    <subfield code="w">2025-02-26</subfield>
    <subfield code="y">BOOK</subfield>
  </datafield>
  <datafield tag="952" ind1=" " ind2=" ">
    <subfield code="0">0</subfield>
    <subfield code="1">0</subfield>
    <subfield code="2">ddc</subfield>
    <subfield code="4">0</subfield>
    <subfield code="7">0</subfield>
    <subfield code="a">SEACOMEC</subfield>
    <subfield code="b">SEACOMEC</subfield>
    <subfield code="d">2009-02-18</subfield>
    <subfield code="l">0</subfield>
    <subfield code="o">004.6 T164</subfield>
    <subfield code="p">13619</subfield>
    <subfield code="r">2025-02-26 14:01:35</subfield>
    <subfield code="t">32</subfield>
    <subfield code="w">2025-02-26</subfield>
    <subfield code="y">BOOK</subfield>
  </datafield>
  <datafield tag="952" ind1=" " ind2=" ">
    <subfield code="0">0</subfield>
    <subfield code="1">0</subfield>
    <subfield code="2">ddc</subfield>
    <subfield code="4">0</subfield>
    <subfield code="7">0</subfield>
    <subfield code="a">SEACOMEC</subfield>
    <subfield code="b">SEACOMEC</subfield>
    <subfield code="d">2009-02-18</subfield>
    <subfield code="l">0</subfield>
    <subfield code="o">004.6 T164</subfield>
    <subfield code="p">13620</subfield>
    <subfield code="r">2025-02-26 14:01:35</subfield>
    <subfield code="t">33</subfield>
    <subfield code="w">2025-02-26</subfield>
    <subfield code="y">BOOK</subfield>
  </datafield>
  <datafield tag="952" ind1=" " ind2=" ">
    <subfield code="0">0</subfield>
    <subfield code="1">0</subfield>
    <subfield code="2">ddc</subfield>
    <subfield code="4">0</subfield>
    <subfield code="7">0</subfield>
    <subfield code="a">SEACOMEC</subfield>
    <subfield code="b">SEACOMEC</subfield>
    <subfield code="d">2009-02-18</subfield>
    <subfield code="l">0</subfield>
    <subfield code="o">004.6 T164</subfield>
    <subfield code="p">13621</subfield>
    <subfield code="r">2025-02-26 14:01:35</subfield>
    <subfield code="t">34</subfield>
    <subfield code="w">2025-02-26</subfield>
    <subfield code="y">BOOK</subfield>
  </datafield>
  <datafield tag="952" ind1=" " ind2=" ">
    <subfield code="0">0</subfield>
    <subfield code="1">0</subfield>
    <subfield code="2">ddc</subfield>
    <subfield code="4">0</subfield>
    <subfield code="7">0</subfield>
    <subfield code="a">SEACOMEC</subfield>
    <subfield code="b">SEACOMEC</subfield>
    <subfield code="d">2009-02-18</subfield>
    <subfield code="l">0</subfield>
    <subfield code="o">004.6 T164</subfield>
    <subfield code="p">13622</subfield>
    <subfield code="r">2025-02-26 14:01:35</subfield>
    <subfield code="t">35</subfield>
    <subfield code="w">2025-02-26</subfield>
    <subfield code="y">BOOK</subfield>
  </datafield>
  <datafield tag="952" ind1=" " ind2=" ">
    <subfield code="0">0</subfield>
    <subfield code="1">0</subfield>
    <subfield code="2">ddc</subfield>
    <subfield code="4">0</subfield>
    <subfield code="7">0</subfield>
    <subfield code="a">SEACOMEC</subfield>
    <subfield code="b">SEACOMEC</subfield>
    <subfield code="d">2009-02-18</subfield>
    <subfield code="l">1</subfield>
    <subfield code="o">004.6 T164</subfield>
    <subfield code="p">13623</subfield>
    <subfield code="q">2026-04-15</subfield>
    <subfield code="r">2026-04-01 16:45:36</subfield>
    <subfield code="s">2026-04-01</subfield>
    <subfield code="t">36</subfield>
    <subfield code="w">2025-02-26</subfield>
    <subfield code="y">BOOK</subfield>
  </datafield>
  <datafield tag="952" ind1=" " ind2=" ">
    <subfield code="0">0</subfield>
    <subfield code="1">0</subfield>
    <subfield code="2">ddc</subfield>
    <subfield code="4">0</subfield>
    <subfield code="7">0</subfield>
    <subfield code="a">SEACOMEC</subfield>
    <subfield code="b">SEACOMEC</subfield>
    <subfield code="d">2009-02-18</subfield>
    <subfield code="l">0</subfield>
    <subfield code="o">004.6 T164</subfield>
    <subfield code="p">13624</subfield>
    <subfield code="r">2025-02-26 14:01:35</subfield>
    <subfield code="t">37</subfield>
    <subfield code="w">2025-02-26</subfield>
    <subfield code="y">BOOK</subfield>
  </datafield>
  <datafield tag="952" ind1=" " ind2=" ">
    <subfield code="0">0</subfield>
    <subfield code="1">0</subfield>
    <subfield code="2">ddc</subfield>
    <subfield code="4">0</subfield>
    <subfield code="7">0</subfield>
    <subfield code="a">SEACOMEC</subfield>
    <subfield code="b">SEACOMEC</subfield>
    <subfield code="d">2009-02-18</subfield>
    <subfield code="l">0</subfield>
    <subfield code="o">004.6 T164</subfield>
    <subfield code="p">13625</subfield>
    <subfield code="r">2025-02-26 14:01:35</subfield>
    <subfield code="t">38</subfield>
    <subfield code="w">2025-02-26</subfield>
    <subfield code="y">BOOK</subfield>
  </datafield>
  <datafield tag="952" ind1=" " ind2=" ">
    <subfield code="0">0</subfield>
    <subfield code="1">0</subfield>
    <subfield code="2">ddc</subfield>
    <subfield code="4">0</subfield>
    <subfield code="7">0</subfield>
    <subfield code="a">SEACOMEC</subfield>
    <subfield code="b">SEACOMEC</subfield>
    <subfield code="d">2009-02-18</subfield>
    <subfield code="l">0</subfield>
    <subfield code="o">004.6 T164</subfield>
    <subfield code="p">13626</subfield>
    <subfield code="r">2025-02-26 14:01:35</subfield>
    <subfield code="t">39</subfield>
    <subfield code="w">2025-02-26</subfield>
    <subfield code="y">BOOK</subfield>
  </datafield>
  <datafield tag="952" ind1=" " ind2=" ">
    <subfield code="0">0</subfield>
    <subfield code="1">0</subfield>
    <subfield code="2">ddc</subfield>
    <subfield code="4">0</subfield>
    <subfield code="7">0</subfield>
    <subfield code="a">SEACOMEC</subfield>
    <subfield code="b">SEACOMEC</subfield>
    <subfield code="d">2009-02-18</subfield>
    <subfield code="l">0</subfield>
    <subfield code="o">004.6 T164</subfield>
    <subfield code="p">13627</subfield>
    <subfield code="r">2025-02-26 14:01:35</subfield>
    <subfield code="t">40</subfield>
    <subfield code="w">2025-02-26</subfield>
    <subfield code="y">BOOK</subfield>
  </datafield>
  <datafield tag="952" ind1=" " ind2=" ">
    <subfield code="0">0</subfield>
    <subfield code="1">0</subfield>
    <subfield code="2">ddc</subfield>
    <subfield code="4">0</subfield>
    <subfield code="7">0</subfield>
    <subfield code="a">SEACOMEC</subfield>
    <subfield code="b">SEACOMEC</subfield>
    <subfield code="d">2009-02-18</subfield>
    <subfield code="l">0</subfield>
    <subfield code="o">004.6 T164</subfield>
    <subfield code="p">13628</subfield>
    <subfield code="r">2025-02-26 14:01:35</subfield>
    <subfield code="t">41</subfield>
    <subfield code="w">2025-02-26</subfield>
    <subfield code="y">BOOK</subfield>
  </datafield>
  <datafield tag="999" ind1=" " ind2=" ">
    <subfield code="c">988</subfield>
    <subfield code="d">988</subfield>
  </datafield>
</record>
